000 00808nam a2200217Ii 4500
003 JO-AjNU
008 230605s9999||||xx |||||||||||||| ||und||
017 _a2000/10/2787
040 _aJO-AjNU
_bara
_erda
_cJO-AjNU
041 _aara
050 1 4 _aBP130.58.J326 2000
100 3 _aتاليف المولى، محمد أحمد جاد وآخرون، م.مشارك : محمد ابو الفضل ابراهيم، علي محمد البجاوي، السيد شحاتة,
_eauthor
_949538
245 0 0 _aقصص القرآن
250 _aط1
264 3 1 _aعمان: دار الاسراء، 2000
300 _a303ص
336 _atext
_btxt
_2rdacontent
337 _aunmediated
_bn
_2rdamedia
338 _avolume
_bnc
_2rdacarrier
650 4 _aالقران الكريم - الايات القرانية
_949539
999 _aA21764
_c25332
_d25332